000
00316 a2200157 4500
001
70253
020
_a
040
_c
Anchieta - Itaigara
100
_a
Rocha, Kátia
240
1
0
_a
Meu livro
_l
por
245
1
0
_a
Meu livro
300
_a
47
362
0
_a
2002
650
4
_a
Literatura infanto-juvenil
942
_c
BK
999
_c
70253
_d
70253